Loading...

Transcribing the sound of English : a phonetics workbook for words and discourse

Bibliographic Details
Main Author: Tench, Paul
Format: Printed Book
Published: Cambridge ; Cambridge University Press, c2011.
Subjects:
LEADER 00583cam a2200157 a 4500
020 |a 9780521166058 
082 0 0 |a 421.58 
100 1 |a Tench, Paul. 
245 1 0 |a Transcribing the sound of English : a phonetics workbook for words and discourse 
260 |a Cambridge ;  |b Cambridge University Press,  |c c2011. 
300 |a 192 p. :  |b ill. ; 
650 0 |a English language 
650 0 |a Discourse analysis. 
942 |c BK 
999 |c 37553  |d 37553 
952 |0 0  |1 0  |4 0  |6 421_580000000000000  |7 0  |8 Stack  |9 39757  |a KUCL  |b KUCL  |c Stack  |d 2016-01-16  |g 1920.00  |l 2  |m 1  |o 421.58  |p 37043  |r 2017-10-28  |s 2017-05-06  |w 2016-01-16  |y BK